Library of the University of Algiers 3
Ibrahim Sultan Cheibout
شعار جامعة الجزائر 3
مكتبة جامعة الجزائر 3
إبراهيم سلطان شيبوط

تاريخ الفكر الاقتصادي / (رقم التسجيلة. 43961)

تفاصيل مارك
000 -LEADER
fixed length control field 02207nam a2200229Ia 4500
003 - CONTROL NUMBER IDENTIFIER
control field Ost
005 - DATE AND TIME OF LATEST TRANSACTION
control field 20260507075325.0
008 - FIXED-LENGTH DATA ELEMENTS--GENERAL INFORMATION
fixed length control field 260507s9999||||xx |||||||||||||| ||und||
020 ## - INTERNATIONAL STANDARD BOOK NUMBER
International Standard Book Number 8373279779
040 ## - CATALOGING SOURCE
Transcribing agency fsecg
041 ## - LANGUAGE CODE
Language code of text/sound track or separate title ara
082 ## - DEWEY DECIMAL CLASSIFICATION NUMBER
Classification number 330
100 ## - MAIN ENTRY--PERSONAL NAME
Personal name علي، اسماعيل محمود
Relator term مؤلف
245 #0 - TITLE STATEMENT
Title تاريخ الفكر الاقتصادي /
Statement of responsibility, etc. اسماعيل محمود علي
260 ## - PUBLICATION, DISTRIBUTION, ETC.
Place of publication, distribution, etc. الاسكندرية:
Name of publisher, distributor, etc. مكتبة الوفاء القانونية,
Date of publication, distribution, etc. 2011
300 ## - PHYSICAL DESCRIPTION
Extent 448 صفحة؛
Other physical details إيضاحات ؛
Dimensions 25 سم
504 ## - BIBLIOGRAPHY, ETC. NOTE
Bibliography, etc. note ببليوغرافيا: 435
520 ## - SUMMARY, ETC.
Summary, etc. الحالة الاقتصادية لفرنسا قبل الثورة و بعدها، نظام الضرائب و تأخر الصناعة، محاولات الاصلاح، الحالة الاقتصادية في ألمانيا في أوائل القرن التاسع عشر، التجارة ، الصناعة و الزراعة و تأخر المدن ، الاصلاح في بروسيا، الحالة الاقتصادية في انجليترا في القرن الثامن عشر، انتشار الصناعة و تقدمها ورواج التجارة الداخلية و الخارجية، الزراعة في أوربا في القرن التاسع عشر، حلة أوربا الزراعية قبل الانقلاب الزراعي و حالة انجليترا الزراعية بعد الانقلاب، اضمحلال الزراعة في أوربا و طرق علاجها، تقدم الزراعة في فرنسا في القرن التاسع عشر، الزراعة في ألمانيا في القرن التاسع عشر، نهضة الزراعة في انجليترا ، الثورة الصناعة في فرنسا ، تقدم الصناعة في ألمانيا، العلاقة البيئية الانسانية، النقود الدولية ، السكان و الانتاج و التجارة ، واقعنا الاقتصادي العربي و مؤشرات أداءات الاقتصاديات العربية ، مؤشرات الاندماج في الاقتصاد العالمي
653 ## - INDEX TERM--UNCONTROLLED
Uncontrolled term الإقتصاد- تاريخ
653 ## - INDEX TERM--UNCONTROLLED
Uncontrolled term أوروبا- الإقتصاد
942 ## - ADDED ENTRY ELEMENTS (KOHA)
Koha item type كتب
المقتنيات
Withdrawn status Lost status Source of classification or shelving scheme Damaged status Not for loan Home library Current library Date acquired Serial enumeration / chronology Inventory number Total checkouts Full call number Barcode Date last seen Price effective from Koha item type
    Dewey Decimal Classification   NOT LOAN / إعارة داخلية مكتبة كلية العلوم الإقتصادية والعلوم التجارية وعلوم التسيير مكتبة كلية العلوم الإقتصادية والعلوم التجارية وعلوم التسيير 07/05/2026 الطابق الأرضي 20845   أ/3999ن1 20845 07/05/2026 07/05/2026 كتب
    Dewey Decimal Classification   Available مكتبة كلية العلوم الإقتصادية والعلوم التجارية وعلوم التسيير مكتبة كلية العلوم الإقتصادية والعلوم التجارية وعلوم التسيير 07/05/2026 الطابق الأرضي 20846   أ/3999ن2 20846 07/05/2026 07/05/2026 كتب
    Dewey Decimal Classification   Available مكتبة كلية العلوم الإقتصادية والعلوم التجارية وعلوم التسيير مكتبة كلية العلوم الإقتصادية والعلوم التجارية وعلوم التسيير 07/05/2026 الطابق الأرضي 20848   أ/3999ن4 20848 07/05/2026 07/05/2026 كتب
    Dewey Decimal Classification   Available مكتبة كلية العلوم الإقتصادية والعلوم التجارية وعلوم التسيير مكتبة كلية العلوم الإقتصادية والعلوم التجارية وعلوم التسيير 07/05/2026 الطابق الأرضي 20849   أ/3999ن5 20849 07/05/2026 07/05/2026 كتب
    Dewey Decimal Classification   Available مكتبة كلية العلوم الإقتصادية والعلوم التجارية وعلوم التسيير مكتبة كلية العلوم الإقتصادية والعلوم التجارية وعلوم التسيير 07/05/2026 الطابق الثاني 20850   أ/3999ن6 20850 07/05/2026 07/05/2026 كتب
    Dewey Decimal Classification   Available مكتبة كلية العلوم الإقتصادية والعلوم التجارية وعلوم التسيير مكتبة كلية العلوم الإقتصادية والعلوم التجارية وعلوم التسيير 07/05/2026 الطابق الثاني 20851   أ/3999ن7 20851 07/05/2026 07/05/2026 كتب
    Dewey Decimal Classification   Available مكتبة كلية العلوم الإقتصادية والعلوم التجارية وعلوم التسيير مكتبة كلية العلوم الإقتصادية والعلوم التجارية وعلوم التسيير 07/05/2026 مكتبة بن عكنون 20853   أ/3999ن9 20853 07/05/2026 07/05/2026 كتب

موارد الويب المفتوحة


© University of Algiers 3 All Rights Reserved
|
Implemented by LECHELAH Riad